| 000 | 00689nam a2200229 a 4500 | ||
|---|---|---|---|
| 001 | 8792 | ||
| 003 | UkOxU | ||
| 005 | 20211208234643.0 | ||
| 008 | 140119s1954 enk 000 0 eng d | ||
| 035 | _a(BD-RjUL) 8837 | ||
| 040 |
_aBD-RjUL _beng _cBD-RjUL |
||
| 041 | _aeng | ||
| 082 |
_220 _a523.5 _bLOM 1954 |
||
| 100 | 1 |
_aLovell, Bernard, _d1913-2012. _925983 |
|
| 245 | 1 | 0 |
_aMeteor astronomy / _cby A.C.B. Lovell |
| 260 |
_aOxford at the Clarendon Press, _c1954 |
||
| 300 |
_axiv, 463 p., 3 p. of plates : _bill. ; _c25 cm |
||
| 500 | _aIncludes indices | ||
| 650 | 0 |
_aMeteors _927337 |
|
| 830 | 0 |
_aInternational series of monographs on physics (Oxford, England) _921403 |
|
| 942 |
_2ddc _cBK |
||
| 999 |
_c8792 _d8792 |
||